000
00316nam a22001457a 4500
999
_c
9038
_d
9038
003
OSt
008
200715b ||||| |||| 00| 0 eng d
100
_a
Rasool , Zahida
245
_a
Medicinal
250
_a
2017
260
_a
New Delhi
_b
New age
300
_a
Q52
650
_a
Medicinal Chemistry
942
_2
ddc
_c
BK